[Event "AUTO-MASTER-2347"]
[Site "http://www.queenalice.com/game.php?id=1378694"]
[Date "2015.8.20"]
[Round "1"]
[White "docb"]
[Black "Meckerkopp"]
[Result "0-1"]
[WhiteElo "2006"]
[BlackElo "1978"]

1. e4 e5 2. Nf3 Bd6 3. d4 exd4 4. Nxd4 Nc6 5. c3 Qf6 6. Be3 Bf4 7. Qd2 Bxe3 8.
Qxe3 Nxd4 9. cxd4 Qb6 10. b3 Nf6 11. Bd3 Ng4 12. Qd2 Qxd4 13. Nc3 Nxf2 14. Qxf2
Qxc3+ 15. Ke2 Qb2+ 16. Ke3 Qxf2+ 17. Kxf2 O-O 18. Rhf1 d6 19. Ke3 Be6 20. Rac1
c5 21. Rc2 Rae8 0-1

[Event "AUTO-MASTER-2347"]
[Site "http://www.queenalice.com/game.php?id=1378695"]
[Date "2015.8.20"]
[Round "1"]
[White "Meckerkopp"]
[Black "docb"]
[Result "1-0"]
[WhiteElo "1948"]
[BlackElo "2099"]

1. e4 Nc6 2. d4 d5 3. e5 Bf5 4. g4 Be4 5. f3 Bg6 6. Bb5 a6 7. Bxc6+ bxc6 8. Bg5
f6 9. exf6 gxf6 10. Bf4 Bh6 11. Ne2 Bxf4 12. Nxf4 e5 13. Ne2 h5 14. h4 hxg4 15.
fxg4 Nh6 16. Nec3 Qd7 17. g5 fxg5 18. hxg5 Nf7 19. Rxh8+ Nxh8 20. dxe5 Qh3 21.
Nd2 1-0

[Event "AUTO-MASTER-2347"]
[Site "http://www.queenalice.com/game.php?id=1378696"]
[Date "2015.8.20"]
[Round "1"]
[White "docb"]
[Black "sia"]
[Result "0-1"]
[WhiteElo "2030"]
[BlackElo "2110"]

1. e4 e5 2. Nf3 d6 3. d4 f6 4. dxe5 fxe5 5. Bc4 Nf6 6. Ng5 d5 7. exd5 h6 8. Ne6
Bxe6 9. dxe6 Qxd1+ 10. Kxd1 Nc6 11. Nc3 O-O-O+ 12. Bd2 Bb4 13. f3 Rd4 14. Bd3
Rhd8 15. Ke2 e4 16. fxe4 Re8 0-1

[Event "AUTO-MASTER-2347"]
[Site "http://www.queenalice.com/game.php?id=1378697"]
[Date "2015.8.20"]
[Round "1"]
[White "sia"]
[Black "docb"]
[Result "1-0"]
[WhiteElo "2134"]
[BlackElo "2017"]

1. g3 d5 2. Bg2 Nf6 3. d3 e5 4. Bg5 c6 5. Nf3 Bd6 6. O-O O-O 7. Nc3 Be6 8. a3
Nbd7 9. b4 h6 10. Bxf6 Nxf6 11. e3 Nd7 12. Qd2 f5 13. Nh4 g5 14. Nf3 Qf6 15. h4
e4 16. dxe4 fxe4 17. hxg5 hxg5 18. Nh2 1-0

[Event "AUTO-MASTER-2352"]
[Site "http://www.queenalice.com/game.php?id=1380910"]
[Date "2015.9.2"]
[Round "1"]
[White "ratorei"]
[Black "docb"]
[Result "1-0"]
[WhiteElo "2093"]
[BlackElo "1950"]

1. e4 Nc6 2. d4 d5 3. e5 Bf5 4. c3 f6 5. f4 g5 6. Be2 gxf4 7. Bxf4 fxe5 8. dxe5
e6 9. Nf3 Bg7 10. Na3 Nge7 11. Bg3 Ng6 12. Bb5 O-O 13. Bxc6 bxc6 14. O-O Bg4 15.
Qd4 Bxf3 16. Rxf3 Rxf3 17. gxf3 Qg5 18. f4 Qg4 19. Qd1 Qf5 20. Qd2 Bh6 21. Rf1
Rf8 22. Qd4 Nxf4 23. Bxf4 Bxf4 24. Kh1 Qxe5 25. Qxe5 Bxe5 26. Rxf8+ Kxf8 27. Kg2
Ke7 28. h3 Bd6 29. Nc2 e5 30. Ne3 Ke6 31. b3 c5 32. Kf3 d4 33. Nd1 1-0

[Event "AUTO-MASTER-2352"]
[Site "http://www.queenalice.com/game.php?id=1380911"]
[Date "2015.9.2"]
[Round "1"]
[White "docb"]
[Black "ratorei"]
[Result "0-1"]
[WhiteElo "1961"]
[BlackElo "2080"]

1. e4 c5 2. Nc3 Nc6 3. g3 g6 4. Bg2 Bg7 5. f4 d6 6. Nf3 Bg4 7. h3 Bxf3 8. Bxf3
Nf6 9. d3 Qa5 10. O-O Nd4 11. Bg2 Rb8 12. Bd2 Qc7 13. g4 b5 14. Ne2 O-O 15. Ng3
Nd7 16. c3 Nc6 17. h4 b4 18. f5 bxc3 19. bxc3 Rb2 20. g5 Rfb8 21. h5 Qa5 22.
hxg6 fxg6 23. Bf4 Qxc3 24. Rc1 Qd4+ 25. Kh2 Be5 26. Ne2 Qb4 27. f6 exf6 28. gxf6
Bxf4+ 29. Rxf4 Nde5 30. Nc3 Kf7 31. Nd5 Qd2 32. Qxd2 Rxd2 33. Rcf1 Rbb2 34. Rg1
Nxd3 35. Rh4 h5 0-1

[Event "AUTO-MASTER-2352"]
[Site "http://www.queenalice.com/game.php?id=1380924"]
[Date "2015.9.2"]
[Round "1"]
[White "HakunaMatata"]
[Black "docb"]
[Result "1-0"]
[WhiteElo "2157"]
[BlackElo "2087"]

1. e4 e6 2. d4 d5 3. Nd2 Nf6 4. e5 Nfd7 5. f4 c5 6. c3 Nc6 7. Ndf3 cxd4 8. cxd4
Bb4+ 9. Kf2 f6 10. a3 Be7 11. g3 g5 12. exf6 Nxf6 13. Nxg5 h6 14. N5f3 Ne4+ 15.
Kg2 Rg8 16. Bd3 Nd6 17. Ne2 h5 18. Ne5 Nxe5 19. fxe5 Nf7 20. Nf4 h4 21. g4 Nh6
22. Bg6+ Kf8 23. Nxe6+ Bxe6 24. Bxh6+ Rg7 25. Qf3+ Kg8 26. Bxg7 Kxg7 27. Bf5 Bg8
28. h3 Qb6 29. Qc3 Bg5 30. b4 Bf4 31. Rhf1 Bg3 32. Rac1 Kh6 33. Qe3+ Kg7 34.
Qg5+ Kf8 35. Rc8+ Rxc8 36. Bxc8+ 1-0

[Event "AUTO-MASTER-2352"]
[Site "http://www.queenalice.com/game.php?id=1380925"]
[Date "2015.9.2"]
[Round "1"]
[White "docb"]
[Black "HakunaMatata"]
[Result "1-0"]
[WhiteElo "2035"]
[BlackElo "2173"]

1. e4 e6 2. d4 d5 3. Nd2 Nf6 4. e5 Nfd7 5. Bd3 c5 6. c3 Nc6 7. Ne2 cxd4 8. cxd4
f6 9. exf6 Nxf6 10. O-O Bd6 11. Nf3 O-O 12. Bg5 h6 13. Bh4 g5 14. Bg3 Bxg3 15.
Nxg3 Qb6 16. b3 g4 17. Ne5 h5 18. Nxh5 Nxh5 19. Qxg4+ Ng7 20. Qg6 Nxe5 21. dxe5
Rf7 22. Qh7+ Kf8 23. Bg6 Rd7 24. Rac1 Rf7 25. Qh8+ Ke7 26. Bxf7 Kxf7 27. Rxc8
Rxc8 28. Qxc8 Ke7 29. Rc1 Ne8 30. Qc5+ Qxc5 31. Rxc5 Kd7 32. g4 b6 33. Rc3 Ng7
34. h4 Ne8 35. h5 1-0

[Event "FromentPierre"]
[Site "http://www.queenalice.com/game.php?id=1388261"]
[Date "2015.10.9"]
[Round "5"]
[White "docb"]
[Black "Brucybabe"]
[Result "0-1"]
[WhiteElo "2100"]
[BlackElo "2180"]

1. e4 c5 2. Nc3 Nf6 3. g3 Nc6 4. Bg2 d6 5. f4 e6 6. Nf3 Be7 7. O-O O-O 8. d3 a6
9. g4 Nxg4 10. h3 Nf6 11. Kh2 Qc7 12. Rg1 b5 13. Qe1 Bb7 14. Qg3 Kh8 15. Be3
Rad8 16. Nd1 Nd4 17. Rc1 Ne2 18. Qf2 Nxg1 19. Qxg1 e5 20. f5 d5 21. Nd2 dxe4 22.
Nxe4 Nxe4 23. dxe4 Rd7 24. Nf2 c4 25. Bf3 Rc8 26. Qg4 f6 27. Rg1 Bc5 28. Bxc5
Qxc5 29. Rg2 Rg8 30. Nd1 Qe7 31. h4 Rgd8 32. h5 h6 33. Qg3 Rxd1 34. Bxd1 Rxd1
35. Qf3 Rd4 0-1

[Event "AUTO-MASTER-2338"]
[Site "http://www.queenalice.com/game.php?id=1388799"]
[Date "2015.10.11"]
[Round "2"]
[White "docb"]
[Black "junipero"]
[Result "0-1"]
[WhiteElo "2101"]
[BlackElo "2054"]

1. e4 c5 2. Nc3 Nc6 3. g3 d6 4. Bg2 e5 5. d3 h6 6. f4 Nf6 7. Nf3 Be7 8. O-O O-O
9. f5 a6 10. Be3 b5 11. h3 Bb7 12. g4 Nd4 13. Qd2 Nxf3+ 14. Rxf3 d5 15. exd5
Nxd5 16. Rg3 Rb8 17. Nxd5 Bxd5 18. g5 hxg5 19. Bxg5 f6 20. Bh6 Rf7 21. Rg6 Bxg2
22. Qxg2 Bf8 23. Qg3 Qd4+ 24. Be3 Qxb2 25. Rf1 Qxc2 26. Rf2 Qxd3 27. Rg2 Qxf5
28. Bh6 Rbb7 29. Rf2 Qb1+ 30. Kg2 Qe4+ 31. Kg1 c4 32. Rfxf6 Rxf6 33. Rxf6 Bc5+
34. Kf1 Qd3+ 0-1

[Event "AUTO-MASTER-2338"]
[Site "http://www.queenalice.com/game.php?id=1388800"]
[Date "2015.10.11"]
[Round "2"]
[White "junipero"]
[Black "docb"]
[Result "0-1"]
[WhiteElo "2072"]
[BlackElo "2084"]

1. d4 d5 2. c4 e6 3. Nc3 Nf6 4. e3 a6 5. a3 Nbd7 6. b4 dxc4 7. Bxc4 b5 8. Qf3
Rb8 9. Bb3 Bb7 10. Qg3 Nh5 11. Qh3 Ndf6 12. Nf3 g6 13. O-O Ng7 14. Ne5 Bd6 15.
Rd1 O-O 16. f4 Ne4 17. Nxe4 Bxe4 18. Bb2 Qe8 19. Rac1 f6 20. Ng4 Bf5 21. Qf3 Kh8
22. d5 e5 23. fxe5 fxe5 24. Nh6 Bc2 25. Qxf8+ Qxf8 26. Rxc2 Nf5 27. Ng4 Re8 28.
e4 h5 29. exf5 hxg4 30. fxg6 Qh6 31. Re2 Qxg6 32. Bc2 Qg5 33. Rf1 Kg8 34. Rf5
Qh6 35. Bxe5 Bxe5 36. Rfxe5 Rxe5 37. Rxe5 Qc1+ 38. Kf2 Qf4+ 0-1